| 000 | 00438nam a2200181Ia 4500 | ||
|---|---|---|---|
| 003 | OSt | ||
| 005 | 20230123102011.0 | ||
| 008 | 210210b1962 xxu||||| |||| 00| 0 eng d | ||
| 040 | _cAL | ||
| 041 | _aeng | ||
| 082 | _a320/534 | ||
| 100 |
_aSHARMA (I D) _969633 |
||
| 245 | _aModern constitutions at work | ||
| 260 |
_bAsia Publishing House _c1962 _aBombay |
||
| 690 |
_aPolitical Science _969634 |
||
| 906 | _a003173 | ||
| 942 |
_2ddc _cBK |
||
| 999 |
_c118510 _d118510 |
||